Statistics for Musicians Who Have Died #1

Click here to take the quiz!

General Stats

  • This quiz has been taken 87 times
  • The average score is 9 of 17

Answer Stats

HintAnswer% Correct
Lead singer of The Beatles Died 1980John Lennon
95%
Singer of Jailhouse Rock Died 1977Elvis Presley
92%
Lead Singer of Queen Died 1991Freddie Mercury
91%
Lead singer of Nirvana Died 1994Kurt Cobain
85%
Singer of Space Oddity Died 2016David Bowie
79%
Singer of I Will Always Love You Died 2012Whitney Houston
77%
Singer of Rehab Died 2011Amy Winehouse
76%
Sung R-E-S-P-E-C-T Died 2018Aretha Franklin
67%
Sung Raspberry Beret Died 2016Prince
56%
Singer of Rings of Fire Died 2003Johnny Cash
50%
Guitarist and vocalist for The Grateful Dead Died 1995Jerry Garcia
36%
Vocalist and Songwriter of The Allman Brothers Band Died 2017Gregg Allman
18%
One of the guitarists for The Monkees Died 2019Peter Tork
18%
Frontman of The Prodigy Died 2019Keith Flint
13%
Member of Captain & Tennille Hint: The Husband. Died 2019Daryl Dragon
10%
Singer of Rock the Boat Died 2001Aaliyah
8%
Guitarist of Motörhead Died 2018Eddie Clarke
4%

Score Distribution

Percentile by Number Answered

Percent of People with Each Score

Your Score History

You have not taken this quiz